书目信息 |
| 题名: |
无机化学
|
|
| 作者: | 谢吉民 , 李笑英 主编 | |
| 分册: | ||
| 出版信息: | 南京 东南大学出版社 1997.08 |
|
| 页数: | 311页 | |
| 开本: | 16开 | |
| 丛书名: | ||
| 单 册: | ||
| 中图分类: | O61-43 | |
| 科图分类: | ||
| 主题词: | 无机化学 | |
| 电子资源: | ||
| ISBN: | 7-81050-237-9 | |
| 000 | 00580nam0 2200205 45 | |
| 001 | 0010091557 | |
| 005 | 20001009152821.4 | |
| 010 | @a7-81050-237-9@d24.50元 | |
| 100 | @a20001009d1997 km y0chiy0120 ea | |
| 101 | 0 | @achi |
| 105 | @a z 000yy | |
| 200 | 1 | @a无机化学@AWu Ji Hua Xue@f谢吉民,李笑英主编@FXie Ji Min,Li Xiao Ying Zhu Bian |
| 210 | @a南京@c东南大学出版社@d1997.08 | |
| 215 | @a311页@d16开 | |
| 606 | 0 | @a无机化学 |
| 690 | @aO61-43@v3 | |
| 701 | 0 | @a谢吉民@4主编 |
| 701 | 0 | @a李笑英@4主编 |
| 801 | @aCN@bPftUser@c20001009 | |
| 905 | @b173197-199@dO61-43@eX329=2@f3 | |
| 无机化学/谢吉民,李笑英主编.-南京:东南大学出版社,1997.08 |
| 311页;16开 |
| ISBN 7-81050-237-9:24.50元 |
| ● |
| 相关链接 |
|
|
|
正题名:无机化学
索取号:O61-43/X329=2
 
预约/预借
| 序号 | 登录号 | 条形码 | 馆藏地/架位号 | 状态 | 备注 |
| 1 | 173197 | 201731974 | 自科库401/401自科库 92排2列1层/ [索取号:O61-43/X329=2] | 在馆 | |
| 2 | 173198 | 201731983 | 自科库401/401自科库 92排2列1层/ [索取号:O61-43/X329=2] | 在馆 | |
| 3 | 173199 | 201731992 | 自科库401/401自科库 92排2列1层/ [索取号:O61-43/X329=2] | 在馆 |